Normal view
MARC view
Entry Personal Name
001 - CONTROL NUMBER
- control field: 9595
003 - CONTROL NUMBER IDENTIFIER
- control field: ARRUPE
005 - DATE AND TIME OF LATEST TRANSACTION
- control field: 20140327165724.0
008 - FIXED-LENGTH DATA ELEMENTS
- fixed length control field: 140327|| aca||aabn | a|a d
040 ## - CATALOGING SOURCE
- Original cataloging agency: ARRUPE
- Transcribing agency: ARRUPE
100 ## - HEADING--PERSONAL NAME
- Personal name: Matthews, Edgar D.,
- Dates associated with a name: 1891-
670 ## - SOURCE DATA FOUND
- Source citation: Work cat.: (ARRUPE)0: Matthews, Edgar D., 1891-, Tukulu :, 1956.